[Event "Benidorm op U2000 18th"]
[Site "Benidorm"]
[Date "2019.11.29"]
[Round "1"]
[White "Melino, Gianluca"]
[Black "Perez Garcia, Juan Angel"]
[Result "0-1"]
[WhiteElo "1737"]
[BlackElo "1999"]
[PlyCount "68"]
[EventDate "2019.11.29"]
[EventType "swiss"]
[EventRounds "10"]
[EventCountry "ESP"]
[SourceTitle "EXT 2022"]
[Source "ChessBase"]
[SourceDate "2021.10.06"]
[SourceVersion "1"]
[SourceVersionDate "2021.10.06"]
[SourceQuality "1"]

1. e4 e5 2. Nf3 Nc6 3. d4 exd4 4. Bc4 Bb4+ 5. c3 dxc3 6. bxc3 Ba5 7. 0-0 Nf6 8. e5 d5 9. Bb5 Ne4 10. Bxc6+ bxc6 11. Qa4 Bb6 12. Ba3 Bd7 13. Qc2 Bc5 14. Nd4 0-0 15. f3 Bxa3 16. Nxa3 Nc5 17. c4 Ne6 18. Rfd1 Nxd4 19. Rxd4 Qe7 20. Qc3 Qxe5 21. Re1 Qf6 22. cxd5 cxd5 23. Qc5 c6 24. Nc2 h6 25. Re7 Rfd8 26. Rb4 Be8 27. Rbb7 d4 28. Ne1 d3 29. Rxe8+ Rxe8 30. Nxd3 Qa1+ 31. Kf2 Qxa2+ 32. Kg3 Qd5 33. Qc2 Red8 34. Nb4 Qg5+ 0-1

[Event "Mortara op 4th"]
[Site "Mortara"]
[Date "2014.09.21"]
[Round "5"]
[White "Melino, Gianluca"]
[Black "Raselli, Claudio"]
[Result "1/2-1/2"]
[WhiteElo "1813"]
[BlackElo "1845"]
[PlyCount "47"]
[EventDate "2014.09.19"]
[EventType "swiss"]
[EventRounds "5"]
[EventCountry "ITA"]
[SourceTitle "EXT 2016"]
[Source "ChessBase"]
[SourceDate "2015.10.08"]
[SourceVersion "1"]
[SourceVersionDate "2015.10.08"]
[SourceQuality "1"]

1. Nf3 c5 2. g3 Nc6 3. Bg2 g6 4. 0-0 Bg7 5. d3 Nf6 6. Nbd2 0-0 7. e4 d6 8. Re1 Rb8 9. c3 b5 10. Rb1 b4 11. c4 h6 12. b3 Ng4 13. Bb2 Nge5 14. Nxe5 Nxe5 15. Qc2 Bd7 16. f4 Nc6 17. Bxg7 Kxg7 18. Nf3 Bg4 19. Qb2+ Kh7 20. Nh4 Nd4 21. h3 Bd7 22. Kh2 Bc6 23. Nf3 Nxf3+ 24. Bxf3 1/2-1/2

[Event "Robecchetto Spring 11th A"]
[Site "Robecchetto"]
[Date "2014.05.15"]
[Round "5"]
[White "Melino, Gianluca"]
[Black "Testa, Loris"]
[Result "1-0"]
[WhiteElo "1767"]
[BlackElo "1930"]
[PlyCount "35"]
[EventDate "2014.04.10"]
[EventType "swiss"]
[EventRounds "7"]
[EventCountry "ITA"]
[SourceTitle "EXT 2024"]
[Source "ChessBase"]
[SourceDate "2023.10.10"]
[SourceVersion "1"]
[SourceVersionDate "2023.10.10"]
[SourceQuality "1"]

1. d4 Nf6 2. Bg5 e6 3. Nd2 d5 4. e4 dxe4 5. Nxe4 Be7 6. Nxf6+ Bxf6 7. Bxf6 Qxf6 8. Nf3 0-0 9. Bd3 c5 10. 0-0 Nc6 11. dxc5 Qxb2 12. Rb1 Qf6 13. Re1 Rd8 14. Qe2 Nd4 15. Nxd4 Rxd4 16. Be4 Qg5 17. c6 b6 18. c7 1-0

[Event "Robecchetto Spring 11th A"]
[Site "Robecchetto"]
[Date "2014.05.08"]
[Round "4"]
[White "Trenti, Alessandro"]
[Black "Melino, Gianluca"]
[Result "1/2-1/2"]
[WhiteElo "1780"]
[BlackElo "1767"]
[PlyCount "113"]
[EventDate "2014.04.10"]
[EventType "swiss"]
[EventRounds "7"]
[EventCountry "ITA"]
[SourceTitle "EXT 2024"]
[Source "ChessBase"]
[SourceDate "2023.10.10"]
[SourceVersion "1"]
[SourceVersionDate "2023.10.10"]
[SourceQuality "1"]

1. e4 g6 2. d4 Bg7 3. Nc3 d6 4. Be2 a6 5. Be3 b5 6. a3 Nd7 7. Qd2 Bb7 8. Nf3 c5 9. d5 Ngf6 10. Bd3 Ng4 11. Bf4 h5 12. h3 Nge5 13. Nxe5 Nxe5 14. Be2 Qb6 15. 0-0 Rb8 16. Rab1 Qc7 17. Na2 Nd7 18. Be3 Nf6 19. f3 Rc8 20. c4 bxc4 21. Bxc4 Nd7 22. Qe2 Ra8 23. f4 0-0 24. Rfc1 Nf6 25. Qf3 Rfc8 26. Nc3 Nd7 27. Be2 Qd8 28. Qg3 Kh7 29. Rf1 Qh8 30. f5 Rf8 31. Qg5 Bf6 32. fxg6+ fxg6 33. Qh6+ Kg8 34. Qxg6+ Qg7 35. Qxg7+ Kxg7 36. Bxh5 Ne5 37. Be2 Rab8 38. Nd1 Bc8 39. Nf2 Rg8 40. Kh2 Rb3 41. Bf4 c4 42. Rfc1 Nd3 43. Nxd3 cxd3 44. Bf1 Rh8 45. Rd1 Rxb2 46. Rxb2 Bxb2 47. Rxd3 Bd7 48. Rb3 Bf6 49. Bxa6 Rh4 50. Rf3 Ba4 51. g3 Rh8 52. g4 Bd7 53. Rg3 Rb8 54. Bf1 Bh4 55. Rg2 Rb3 56. Bc1 Kf7 57. Bb2 1/2-1/2

[Event "Pavia Province-ch"]
[Site "Vigevano"]
[Date "2014.03.13"]
[Round "6"]
[White "Melino, Gianluca"]
[Black "Pappalardo, Antonio"]
[Result "0-1"]
[WhiteElo "1758"]
[BlackElo "1703"]
[PlyCount "88"]
[EventDate "2014.02.06"]
[EventType "swiss"]
[EventRounds "6"]
[EventCountry "ITA"]
[SourceTitle "EXT 2015"]
[Source "ChessBase"]
[SourceDate "2014.11.20"]
[SourceVersion "1"]
[SourceVersionDate "2014.11.20"]
[SourceQuality "1"]

1. d4 b6 2. e4 Bb7 3. Bd3 e6 4. Nf3 g6 5. 0-0 Bg7 6. c3 d6 7. h3 Nd7 8. Be3 Ne7 9. Nh2 Nf6 10. Nd2 0-0 11. f4 d5 12. e5 Ne4 13. Qf3 Nxd2 14. Bxd2 c5 15. Ng4 Nf5 16. Bxf5 gxf5 17. Ne3 Qh4 18. Qe2 a5 19. Be1 Qh6 20. Rf3 Ba6 21. Qd2 Rac8 22. Nc2 Rc7 23. Bf2 cxd4 24. Bxd4 Rb7 25. Qf2 b5 26. Bb6 a4 27. Nb4 Ra8 28. Rf1 Kh8 29. Bc5 Rc7 30. Rg3 Bf8 31. Bxf8 Qxf8 32. Kh2 Bb7 33. Qe2 Rc4 34. a3 Qh6 35. Rg5 Rxf4 36. Rh5 Re4 37. Qxe4 Qxh5 38. Qd3 Rg8 39. Qxb5 Qg6 40. Rg1 Ba8 41. Nc6 Qg3+ 42. Kh1 f4 43. Ne7 d4 44. Nxg8 Qxh3# 0-1

[Event "Pavia Province-ch"]
[Site "Vigevano"]
[Date "2014.03.06"]
[Round "5"]
[White "Pelliccia, Vincenzo"]
[Black "Melino, Gianluca"]
[Result "0-1"]
[WhiteElo "1586"]
[BlackElo "1758"]
[PlyCount "118"]
[EventDate "2014.02.06"]
[EventType "swiss"]
[EventRounds "6"]
[EventCountry "ITA"]
[SourceTitle "EXT 2015"]
[Source "ChessBase"]
[SourceDate "2014.11.20"]
[SourceVersion "1"]
[SourceVersionDate "2014.11.20"]
[SourceQuality "1"]

1. b3 c5 2. Bb2 Nc6 3. c4 e6 4. e4 d6 5. Nf3 Qc7 6. Nc3 Bd7 7. Be2 Nge7 8. d4 Ng6 9. d5 Nce5 10. 0-0 Nf4 11. Qd2 Nxe2+ 12. Nxe2 Nxf3+ 13. gxf3 e5 14. f4 Bh3 15. Rfe1 Qd7 16. Qe3 Qg4+ 17. Qg3 f6 18. Qxg4 Bxg4 19. fxe5 fxe5 20. Kg2 Be7 21. f3 Bh5 22. Bc3 0-0 23. Rf1 Bg5 24. Ng3 Bg6 25. Rae1 Rf7 26. a3 Raf8 27. b4 b6 28. Rf2 Bh4 29. Rh1 Bxg3 30. hxg3 Bxe4 31. Rhf1 Bd3 32. Rd1 Bxc4 33. bxc5 bxc5 34. Rdd2 g5 35. g4 h6 36. Kg3 Rb8 37. Rb2 Rxb2 38. Rxb2 Bxd5 39. Ba5 Rxf3+ 40. Kh2 Rxa3 41. Bc7 Ra6 42. Rb8+ Kg7 43. Rd8 c4 44. Bxd6 Ra2+ 45. Kg3 Rg2+ 46. Kh3 Re2 47. Rd7+ Kf6 48. Rxa7 Be6 49. Bf8 h5 50. Bg7+ Kg6 51. Bh8 Bxg4+ 52. Kg3 c3 53. Rc7 c2 54. Rc6+ Kf5 55. Rf6+ Ke4 56. Rc6 Re3+ 57. Kf2 Re2+ 58. Kf1 Kd5 59. Rc3 Rd2 0-1

[Event "Pavia Province-ch"]
[Site "Vigevano"]
[Date "2014.02.06"]
[Round "1"]
[White "Melino, Gianluca"]
[Black "Murgia, Andrea"]
[Result "1-0"]
[WhiteElo "1758"]
[BlackElo "1980"]
[PlyCount "65"]
[EventDate "2014.02.06"]
[EventType "swiss"]
[EventRounds "6"]
[EventCountry "ITA"]
[SourceTitle "EXT 2015"]
[Source "ChessBase"]
[SourceDate "2014.11.20"]
[SourceVersion "1"]
[SourceVersionDate "2014.11.20"]
[SourceQuality "1"]

1. Nf3 f5 2. d4 Nf6 3. c4 d6 4. Nc3 g6 5. g3 Bg7 6. Bg2 0-0 7. 0-0 c6 8. Qc2 Na6 9. Rd1 Nh5 10. e3 Qe8 11. a3 e5 12. dxe5 dxe5 13. b4 f4 14. exf4 Bg4 15. h3 Bxf3 16. Bxf3 exf4 17. g4 Qe5 18. Bb2 Ng3 19. Re1 Qg5 20. Rad1 Rae8 21. Kh2 Qh4 22. Nb1 Re3 23. Bxg7 Rxf3 24. Kg2 Nf5 25. Kxf3 Qxh3+ 26. Ke4 Re8+ 27. Be5 Qxg4 28. Rg1 Ng3+ 29. Kd3 Qf3+ 30. Kd2 Ne2 31. Rxg6+ Kf8 32. Qf5+ Ke7 33. Rg7+ 1-0

[Event "Robecchetto Autunn op 10th"]
[Site "Robecchetto"]
[Date "2013.10.10"]
[Round "2"]
[White "Nava, Mario"]
[Black "Melino, Gianluca"]
[Result "0-1"]
[WhiteElo "1256"]
[BlackElo "1748"]
[PlyCount "98"]
[EventDate "2013.10.03"]
[EventType "swiss"]
[EventRounds "7"]
[EventCountry "ITA"]
[SourceTitle "EXT 2015"]
[Source "ChessBase"]
[SourceDate "2014.11.20"]
[SourceVersion "1"]
[SourceVersionDate "2014.11.20"]
[SourceQuality "1"]

1. Nf3 c5 2. c4 g6 3. Nc3 Bg7 4. e3 Nc6 5. d4 cxd4 6. exd4 d6 7. d5 Ne5 8. Nxe5 Bxe5 9. Bd3 Bg7 10. 0-0 Nf6 11. Ne4 Nxe4 12. Bxe4 Qc7 13. Bd3 0-0 14. Rb1 b6 15. Bd2 e5 16. dxe6 Bxe6 17. Be4 Rac8 18. Bd5 Bxd5 19. cxd5 Qc4 20. Bc3 Bxc3 21. bxc3 Qxc3 22. Re1 Rfe8 23. Re2 Rxe2 24. Qxe2 Qc1+ 25. Qe1 Qxe1+ 26. Rxe1 Rc2 27. Ra1 Rd2 28. g3 Rxd5 29. Kg2 Kf8 30. Rc1 Rc5 31. Re1 a6 32. Re2 b5 33. Re3 a5 34. Ra3 a4 35. Re3 b4 36. Re2 d5 37. h4 h5 38. Rb2 Rb5 39. Re2 b3 40. axb3 axb3 41. Rb2 Ke7 42. Kf3 Kd6 43. Ke3 Kc5 44. Kd3 Kb4 45. Re2 Ka3 46. Re7 b2 47. Kc3 Rb3+ 48. Kd4 b1Q 49. Ra7+ Kb2 0-1

[Event "Robecchetto Spring op 9th"]
[Site "Robecchetto"]
[Date "2012.05.17"]
[Round "6"]
[White "Melino, Gianluca"]
[Black "Merlotti, Marco"]
[Result "1/2-1/2"]
[WhiteElo "1731"]
[BlackElo "1734"]
[PlyCount "59"]
[EventDate "2012.04.12"]
[EventType "swiss"]
[EventRounds "7"]
[EventCountry "ITA"]
[SourceTitle "EXT 2024"]
[Source "ChessBase"]
[SourceDate "2023.10.10"]
[SourceVersion "1"]
[SourceVersionDate "2023.10.10"]
[SourceQuality "1"]

1. g3 Nf6 2. Bg2 d5 3. d3 e6 4. Nf3 c5 5. 0-0 Nc6 6. Nbd2 Be7 7. e4 b6 8. Re1 Bb7 9. exd5 Nxd5 10. Ne4 Nf6 11. Nc3 0-0 12. b3 Nb4 13. a3 Nbd5 14. Bb2 Nxc3 15. Bxc3 Nd5 16. Bb2 Bf6 17. Ne5 Qc7 18. c4 Ne7 19. Qe2 Bxg2 20. Kxg2 Nc6 21. Nf3 Bxb2 22. Qxb2 Rad8 23. Rad1 Nd4 24. Nxd4 Rxd4 25. Qe2 Qc6+ 26. Qf3 Qxf3+ 27. Kxf3 Rfd8 28. Re3 Kf8 29. Ke2 Ke7 30. f4 1/2-1/2

[Event "Robecchetto Autumn op 8th"]
[Site "Robecchetto"]
[Date "2011.12.01"]
[Round "7"]
[White "Melino, Gianluca"]
[Black "Alberio, Silvio"]
[Result "1/2-1/2"]
[WhiteElo "1742"]
[BlackElo "1763"]
[PlyCount "95"]
[EventDate "2011.10.20"]
[EventType "swiss"]
[EventRounds "7"]
[EventCountry "ITA"]
[SourceTitle "EXT 2024"]
[Source "ChessBase"]
[SourceDate "2023.10.10"]
[SourceVersion "1"]
[SourceVersionDate "2023.10.10"]
[SourceQuality "1"]

1. d4 Nf6 2. Nf3 g6 3. e3 d5 4. Bd3 Bg7 5. 0-0 0-0 6. b3 c5 7. Bb2 cxd4 8. exd4 Nc6 9. Re1 Re8 10. Nbd2 a6 11. c4 Nb4 12. Bb1 Bg4 13. a3 Nc6 14. c5 Nd7 15. h3 Bxf3 16. Nxf3 Nxc5 17. b4 Ne6 18. Ba2 Nc7 19. Rc1 e6 20. Rc2 Nb5 21. Bb3 Qb6 22. Rc5 Bf8 23. Rxc6 bxc6 24. Ne5 Bg7 25. Nd7 Qd8 26. Nc5 Qh4 27. g3 Qxh3 28. a4 Nd6 29. Qe2 Nf5 30. Qd3 Qg4 31. Bd1 Qg5 32. Nxa6 Rec8 33. Nc5 Nd6 34. Bc2 Nc4 35. Bc3 Ra7 36. Qe2 Qf6 37. Qd3 Nd6 38. Qe2 Nf5 39. Bxf5 Qxf5 40. a5 Bf8 41. Nd3 Bd6 42. Nb2 Rb8 43. Qd2 Qf6 44. Kg2 Qe7 45. Nd3 Qf8 46. f4 Qd8 47. Nc5 Bf8 48. Nd3 1/2-1/2

[Event "Robecchetto Autumn op 8th"]
[Site "Robecchetto"]
[Date "2011.11.10"]
[Round "4"]
[White "Macchiettini, Pierangelo"]
[Black "Melino, Gianluca"]
[Result "1/2-1/2"]
[WhiteElo "1756"]
[BlackElo "1742"]
[PlyCount "75"]
[EventDate "2011.10.20"]
[EventType "swiss"]
[EventRounds "7"]
[EventCountry "ITA"]
[SourceTitle "EXT 2024"]
[Source "ChessBase"]
[SourceDate "2023.10.10"]
[SourceVersion "1"]
[SourceVersionDate "2023.10.10"]
[SourceQuality "1"]

1. d4 g6 2. c4 Bg7 3. Nc3 d6 4. e4 e5 5. d5 Ne7 6. Nf3 0-0 7. Bd3 Na6 8. a3 Nc5 9. Bc2 a5 10. Be3 b6 11. 0-0 Ba6 12. Nd2 f5 13. b4 axb4 14. axb4 Nd7 15. Bg5 h6 16. Bxe7 Qxe7 17. Bd3 Nf6 18. Qc2 Nh5 19. b5 Bb7 20. Rxa8 Bxa8 21. exf5 gxf5 22. Bxf5 Qf6 23. Be6+ Kh8 24. Nde4 Qe7 25. Ne2 Bb7 26. N2g3 Nf4 27. Nf5 Qd8 28. Neg3 Nxe6 29. dxe6 Qf6 30. e7 Re8 31. Nh5 Qg6 32. Nhg3 Bf6 33. Qd2 Bg5 34. Qe2 Bxe7 35. Nxe7 Rxe7 36. f4 e4 37. Qe3 Kh7 38. f5 1/2-1/2

[Event "Robecchetto Autumn op 8th"]
[Site "Robecchetto"]
[Date "2011.10.27"]
[Round "2"]
[White "Puricelli, Giancarlo"]
[Black "Melino, Gianluca"]
[Result "0-1"]
[WhiteElo "1586"]
[BlackElo "1742"]
[PlyCount "70"]
[EventDate "2011.10.20"]
[EventType "swiss"]
[EventRounds "7"]
[EventCountry "ITA"]
[SourceTitle "EXT 2024"]
[Source "ChessBase"]
[SourceDate "2023.10.10"]
[SourceVersion "1"]
[SourceVersionDate "2023.10.10"]
[SourceQuality "1"]

1. d4 g6 2. Nf3 Bg7 3. e4 d6 4. Bd3 e5 5. dxe5 dxe5 6. 0-0 Ne7 7. Be3 0-0 8. Nc3 c6 9. Qe2 Qc7 10. a4 h6 11. b4 Bg4 12. h3 Be6 13. Rad1 Nd7 14. Bc4 Bxc4 15. Qxc4 Kh7 16. Nd5 Nxd5 17. exd5 Nb6 18. Bxb6 axb6 19. b5 c5 20. d6 Qd7 21. Rd5 Qe6 22. Rfd1 e4 23. Re1 f5 24. Qb3 Rxa4 25. Qxa4 Qxd5 26. c4 Qxd6 27. Rd1 Bd4 28. Ne1 Qf4 29. Nc2 Qxf2+ 30. Kh1 Rd8 31. Qb3 e3 32. Re1 f4 33. Qd3 Bf6 34. Qe4 Rd2 35. Nxe3 Qxe1+ 0-1

[Event "Vanzaghello op 5th"]
[Site "Vanzaghello"]
[Date "2009.05.09"]
[Round "2"]
[White "Melino, Gianluca"]
[Black "Testa, Loris"]
[Result "0-1"]
[WhiteElo "1804"]
[BlackElo "1792"]
[PlyCount "120"]
[EventDate "2009.05.08"]
[EventType "swiss"]
[EventRounds "5"]
[EventCountry "ITA"]
[SourceTitle "EXT 2011"]
[Source "ChessBase"]
[SourceDate "2010.11.26"]
[SourceVersion "1"]
[SourceVersionDate "2010.11.26"]
[SourceQuality "1"]

1. d4 Nf6 2. Bg5 d6 3. Bxf6 gxf6 4. e3 Bf5 5. c4 e5 6. Qf3 Bg6 7. Nc3 c6 8. Qd1 Qb6 9. Qd2 Bg7 10. d5 0-0 11. b3 Na6 12. Bd3 f5 13. Rc1 e4 14. Bb1 Qd8 15. Nge2 Qg5 16. Nf4 Be5 17. h4 Qg4 18. Qe2 Bxf4 19. Qxg4 fxg4 20. exf4 Rfe8 21. g3 f5 22. Kd2 Re7 23. dxc6 bxc6 24. Ke3 Bf7 25. Rhd1 Rd7 26. Rd2 Rad8 27. Rcd1 Nc7 28. c5 d5 29. b4 Ne6 30. Ne2 Rb7 31. Nd4 Nxd4 32. Rxd4 Rdb8 33. a3 a5 34. bxa5 Rxb1 35. Rxb1 Rxb1 36. Rb4 d4+ 37. Kxd4 Rd1+ 38. Ke3 Rd3+ 39. Ke2 Rxa3 40. Rb6 Bd5 41. a6 Bc4+ 42. Kd2 Rxa6 43. Rb4 Bb5 44. Ke3 Ra3+ 45. Kd4 Kf7 46. Ke5 Kg6 47. h5+ Kxh5 48. Kxf5 e3 49. fxe3 Rxe3 50. Rb2 Rxg3 51. Rh2+ Rh3 52. Rg2 Bd3+ 53. Ke5 g3 54. f5 Kg4 55. f6 Rh5+ 56. Kd6 Rf5 57. Ke7 Bc4 58. Rd2 Rxc5 59. f7 Bxf7 60. Kxf7 h5 0-1

[Event "Robecchetto op-B 19th"]
[Site "Robecchetto"]
[Date "2008.12.30"]
[Round "6"]
[White "Melino, Gianluca"]
[Black "Clerici, Samuele"]
[Result "0-1"]
[WhiteElo "1795"]
[BlackElo "1728"]
[PlyCount "31"]
[EventDate "2008.12.27"]
[EventType "swiss"]
[EventRounds "6"]
[EventCountry "ITA"]
[SourceTitle "EXT 2011"]
[Source "ChessBase"]
[SourceDate "2010.11.26"]
[SourceVersion "1"]
[SourceVersionDate "2010.11.26"]
[SourceQuality "1"]

1. d4 d5 2. Bg5 Nf6 3. Bxf6 exf6 4. e3 Nc6 5. c4 dxc4 6. Bxc4 Bd6 7. Ne2 0-0 8. 0-0 b6 9. Nbc3 Bb7 10. a3 a6 11. Rc1 f5 12. Nd5 Na5 13. Ba2 Bxh2+ 14. Kxh2 Bxd5 15. Bxd5 Qxd5 16. Rxc7 0-1

[Event "Milan Crespi op-B 28th"]
[Site "Milan"]
[Date "2007.12.08"]
[Round "5"]
[White "Colombo, Luca"]
[Black "Melino, Gianluca"]
[Result "0-1"]
[WhiteElo "1791"]
[BlackElo "1819"]
[PlyCount "58"]
[EventDate "2007.12.06"]
[EventType "swiss"]
[EventRounds "6"]
[EventCountry "ITA"]
[SourceTitle "EXT 2009"]
[Source "ChessBase"]
[SourceDate "2008.11.26"]
[SourceVersion "1"]
[SourceVersionDate "2008.11.26"]
[SourceQuality "1"]

1. e4 c5 2. Nf3 Nc6 3. d4 cxd4 4. Nxd4 Nf6 5. Nc3 e5 6. Ndb5 d6 7. Bg5 a6 8. Na3 b5 9. Nd5 Be7 10. Nxe7 Nxe7 11. f3 Be6 12. c4 0-0 13. cxb5 axb5 14. Qd2 d5 15. Bxb5 Qb6 16. Bxf6 gxf6 17. Bd3 dxe4 18. fxe4 Rad8 19. Nc2 Bc4 20. Nb4 Nc6 21. Nxc6 Rxd3 22. Ne7+ Kh8 23. Qh6 Qb4+ 24. Kf2 Qxb2+ 25. Ke1 Qxa1+ 26. Kf2 Qb2+ 27. Ke1 Qb4+ 28. Kf2 Qxe7 29. Rb1 Qc5+ 0-1

[Event "Milan Citta op-A"]
[Site "Milan"]
[Date "2007.05.19"]
[Round "2"]
[White "Melino, Gianluca"]
[Black "Patrucco, Carlo"]
[Result "0-1"]
[WhiteElo "1643"]
[BlackElo "1685"]
[PlyCount "122"]
[EventDate "2007.05.18"]
[EventType "swiss"]
[EventRounds "5"]
[EventCountry "ITA"]
[SourceTitle "EXT 2010"]
[Source "ChessBase"]
[SourceDate "2010.11.25"]
[SourceVersion "1"]
[SourceVersionDate "2010.11.25"]
[SourceQuality "1"]

1. d4 Nf6 2. Bg5 c5 3. Bxf6 gxf6 4. d5 f5 5. c3 d6 6. e3 Bg7 7. Bd3 e5 8. dxe6 fxe6 9. Qh5+ Kf8 10. Nh3 Qe8 11. Qf3 Nd7 12. 0-0 Ne5 13. Qe2 d5 14. Na3 a6 15. f4 Ng4 16. Nf2 h5 17. Rad1 b5 18. h3 Nf6 19. Bb1 Bb7 20. b4 Rc8 21. Nc2 h4 22. Ne1 Nh5 23. Nh1 Bxc3 24. bxc5 Bxe1 25. Qxe1 Qe7 26. Qc3 Rg8 27. Rf2 Qxc5 28. Qe5 Qe7 29. Kh2 Qf6 30. Qd6+ Kg7 31. Bc2 Rc6 32. Qb4 Rgc8 33. Bb3 Kh6 34. Qe1 Qg7 35. Rf3 Rg8 36. Qf2 Qf6 37. Rg1 Rc7 38. g4 hxg3+ 39. Nxg3 Nxg3 40. Rfxg3 Rxg3 41. Rxg3 Rg7 42. Rxg7 Qxg7 43. Qh4+ Kg6 44. Qg5+ Kf7 45. h4 Qxg5 46. hxg5 Kg6 47. Kg3 a5 48. a3 b4 49. axb4 axb4 50. Kf2 Ba6 51. Ke1 Bc4 52. Bc2 b3 53. Bb1 e5 54. Kd2 exf4 55. exf4 d4 56. Ke1 Bd5 57. Kd2 Be4 58. Kc1 Bxb1 59. Kxb1 d3 60. Kc1 Kh5 61. Kd2 b2 0-1